Reporting - nástroj koordinácie a komunikácie controllingu

Problematika manažérskeho reportingu. Reporting ako nástroj koordinácie a komunikácie kontrolingu. Externý a interný reporting. Účel a obsahová dimenzia zostavovania manažérskych reportov.

Salvato in:
Dettagli Bibliografici
Autore principale: Foltínová, Alžbeta
Altri autori: Budinský, Michal
Natura: Capitolo di libro
Lingua:slovacco
Soggetti:
Tags: Aggiungi Tag
Nessun Tag, puoi essere il primo ad aggiungerne!!

MARC

LEADER 00000naa$a2200000$$$4500
001 0120199
005 20240502072338.7
041 0 |a slo 
044 |a SK 
245 1 0 |a Reporting - nástroj koordinácie a komunikácie controllingu  |c Alžbeta Foltínová, Michal Budinský 
520 |a Problematika manažérskeho reportingu. Reporting ako nástroj koordinácie a komunikácie kontrolingu. Externý a interný reporting. Účel a obsahová dimenzia zostavovania manažérskych reportov. 
610 2 0 |a manažment informačný 
610 2 0 |a komunikácia manažérska 
610 2 0 |a reporting 
610 2 0 |a kontroling strategický 
610 2 0 |a metódy organizácie 
610 2 0 |a kontroling 
610 2 0 |a metódy riadenia 
610 2 0 |a rozhodovanie 
610 2 0 |a nástroje riadenia 
610 2 0 |a systémy informačné 
100 1 |a Foltínová, Alžbeta 
700 1 |a Budinský, Michal